Pokémon : les objets évolutifs - Statistiques

Statistiques générales
  • Ce quiz a été pris 89 fois
    85 depuis la dernière actualisation
  • Le résultat moyen est 19 sur 23
Statistiques - réponses
Pokémon exemple Objet permettant son évolution % Correct
Tétarte Pierre Eau
100%
Caninos Pierre Feu
100%
Pikachu Pierre Foudre
100%
Nidorino Pierre Lune
96%
Feuforêve Pierre Nuit
95%
Tournegrin Pierre Soleil
95%
Insecateur Peau métal
90%
Kirlia Pierre Aube
90%
Magmar Magmariseur
89%
Pifeuil Pierre Plante
89%
Togetic Pierre Eclat
88%
Téraclope Tissu fauche
86%
Porygon 2 CD douteux
85%
Elektek Electriseur
85%
Farfuret Griffe rasoir
81%
Ramoloss Roche royale
81%
Scorplane Croc rasoir
78%
Porygon Améliorator
75%
Coquiperl Dent océan
74%
Coquiperl Ecaille océan
71%
Hypocéan Ecaille draco
67%
Rhinoféros Protecteur
67%
Ptiravi Pierre Ovale
63%
Aucun quiz correspondant
Distribution des résultats
% des personnes avec chaque résultat
Percentile par nombre de réponses
Votre historique - résultats
Vous n’avez pas pris ce quiz depuis la dernière actualisation